[Event "DEM U18 2015"]
[Site "Willingen GER"]
[Date "2015.05.26"]
[Round "4"]
[White "Yankelevich, Lev"]
[Black "Peil, Christoph"]
[Result "1/2-1/2"]
[Termination "normal"]
[Board "4"]
[WhiteElo "2401"]
[BlackElo "2227"]
[WhiteClock "01:07:21"]
[BlackClock "01:04:58"]
[PlyCount "43"]
[WhiteFideId "24684074"]
[BlackFideId "24651800"]
[EventCountry "GER"]
[EventRounds "9"]
[EventType "swiss"]
[EventDate "2015.05.23"]

1. d4 Nf6 2. Nf3 e6 3. c4 Bb4+ 4. Bd2 c5 5. Bxb4 cxb4 6. Nbd2 O-O 7. e3 d6 8.
Bd3 Nc6 9. O-O e5 10. h3 Re8 11. Qb1 a5 12. d5 Nb8 13. a3 Na6 14. e4 Nd7 15.
Qd1 Ndc5 16. Bc2 Bd7 17. a4 Rf8 18. b3 f5 19. exf5 Bxf5 20. Bxf5 Rxf5 21. Qe2
Qf6 22. Rae1 1/2-1/2

[Event "DEM U18 2015"]
[Site "Willingen GER"]
[Date "2015.05.26"]
[Round "4"]
[White "Grimm, Julius"]
[Black "Vöge, Tobias"]
[Result "1-0"]
[Termination "normal"]
[Board "5"]
[WhiteElo "2108"]
[BlackElo "2141"]
[WhiteClock "00:29:41"]
[BlackClock "00:03:32"]
[PlyCount "85"]
[WhiteFideId "12916986"]
[BlackFideId "1270513"]
[EventCountry "GER"]
[EventRounds "9"]
[EventType "swiss"]
[EventDate "2015.05.23"]

1. d4 e6 2. c4 Bb4+ 3. Nc3 f5 4. Nf3 Nf6 5. Bd2 O-O 6. g3 b6 7. Bg2 Bb7 8. O-O
Re8 9. d5 Bxc3 10. Bxc3 exd5 11. Nh4 c6 12. Nxf5 Ba6 13. cxd5 Bxe2 14. Qb3 Bxf1
15. dxc6+ d5 16. c7 Qxc7 17. Rxf1 Kh8 18. Bxf6 gxf6 19. Qxd5 Na6 20. Qd4 Qe5
21. Qd7 Qc7 22. Qxc7 Nxc7 23. Bxa8 Rxa8 24. Rd1 Ne6 25. Rd7 Nc5 26. Rd6 Ne4 27.
Re6 Nc5 28. Rc6 Nd3 29. Rc2 Nb4 30. Rc7 Nxa2 31. Nd6 Nb4 32. Ne4 Nd5 33. Rd7
Re8 34. Nd6 Re1+ 35. Kg2 Rd1 36. Kf3 Kg8 37. Ke2 Rc1 38. Rd8+ Kg7 39. Nf5+ Kf7
40. Rxd5 Rc2+ 41. Rd2 Rc5 42. g4 h5 43. f3 1-0

[Event "DEM U18 2015"]
[Site "Willingen GER"]
[Date "2015.05.26"]
[Round "4"]
[White "Hess, Max"]
[Black "Krause, Benedict"]
[Result "0-1"]
[Termination "normal"]
[Board "6"]
[BlackTitle "FM"]
[WhiteElo "2221"]
[BlackElo "2347"]
[WhiteClock "00:22:47"]
[BlackClock "00:22:58"]
[PlyCount "88"]
[WhiteFideId "24656666"]
[BlackFideId "12917990"]
[EventCountry "GER"]
[EventRounds "9"]
[EventType "swiss"]
[EventDate "2015.05.23"]

1. e4 c5 2. Nf3 Nc6 3. Bb5 e6 4. O-O Nge7 5. Re1 Nd4 6. Nxd4 cxd4 7. c3 a6 8.
Bf1 Nc6 9. d3 Bc5 10. Nd2 Ba7 11. Nf3 O-O 12. cxd4 Nxd4 13. Be3 Nxf3+ 14. Qxf3
Bxe3 15. Qxe3 d6 16. d4 Qb6 17. Qd2 Bd7 18. Re3 Rac8 19. Rg3 f6 20. Re1 Rc7 21.
e5 fxe5 22. dxe5 d5 23. Bd3 Bb5 24. Bxb5 Qxb5 25. Rc3 Qa5 26. Rc2 Qxd2 27. Rxd2
Rfc8 28. g3 Rc1 29. Kf1 Kf7 30. Rxc1 Rxc1+ 31. Ke2 Kg6 32. f4 Kf5 33. Kf3 Rf1+
34. Ke3 g5 35. fxg5 Kxe5 36. h4 Rh1 37. Kf3 d4 38. Re2+ Kd5 39. Kf4 Rf1+ 40.
Kg4 e5 41. h5 d3 42. Rh2 e4 43. h6 e3 44. g6 d2 0-1

[Event "DEM U18 2015"]
[Site "Willingen GER"]
[Date "2015.05.26"]
[Round "4"]
[White "Kramer, Julian"]
[Black "Syrov, Arkadi"]
[Result "1-0"]
[Termination "normal"]
[Board "7"]
[WhiteElo "2322"]
[BlackElo "2051"]
[WhiteClock "00:09:25"]
[BlackClock "00:21:02"]
[PlyCount "119"]
[WhiteFideId "12921742"]
[BlackFideId "12942448"]
[EventCountry "GER"]
[EventRounds "9"]
[EventType "swiss"]
[EventDate "2015.05.23"]

1. e4 e5 2. Nf3 Nc6 3. Bc4 Bc5 4. c3 Nf6 5. d3 d6 6. O-O Bg4 7. h3 Bh5 8. Re1
O-O 9. Bb3 d5 10. Qe2 h6 11. Nbd2 dxe4 12. dxe4 g5 13. Nf1 g4 14. hxg4 Nxg4 15.
Ne3 Nxe3 16. Bxe3 Bxe3 17. Qxe3 Qf6 18. Nh2 Qf4 19. Bd1 Qxe3 20. Rxe3 Bg6 21.
Ba4 Rad8 22. Bxc6 bxc6 23. Re2 Bh5 24. f3 f6 25. Kf2 Rd3 26. Ke1 Rfd8 27. Nf1
Bf7 28. Rd2 Rxd2 29. Nxd2 Rb8 30. b3 a5 31. Kd1 Kf8 32. Kc2 Ke7 33. Rh1 h5 34.
Nf1 a4 35. c4 axb3+ 36. axb3 Ra8 37. Kb2 Rg8 38. Ne3 Bg6 39. Ra1 Rd8 40. Kc3
Rg8 41. Ra6 Be8 42. Ra8 Kd7 43. Ra1 Bf7 44. b4 Rb8 45. Nf5 Bg6 46. Ne3 Bf7 47.
Rh1 Ra8 48. Kb3 Rb8 49. Kc3 Ra8 50. Kb3 Rb8 51. g4 hxg4 52. Nxg4 c5 53. Nxf6+
Ke7 54. Nd5+ Bxd5 55. cxd5 Rxb4+ 56. Kc3 Ra4 57. Rh7+ Kd6 58. Rh6+ Kd7 59. Rf6
Ra1 60. Kb2 1-0

[Event "DEM U18 2015"]
[Site "Willingen GER"]
[Date "2015.05.26"]
[Round "4"]
[White "Pfreundt, Jakob"]
[Black "Brinkmann, Fabian"]
[Result "1/2-1/2"]
[Termination "normal"]
[Board "8"]
[WhiteElo "2273"]
[BlackElo "1972"]
[WhiteClock "00:17:36"]
[BlackClock "00:36:15"]
[PlyCount "119"]
[WhiteFideId "12918156"]
[BlackFideId "24661414"]
[EventCountry "GER"]
[EventRounds "9"]
[EventType "swiss"]
[EventDate "2015.05.23"]

1. d4 d5 2. Nf3 Nf6 3. c4 c6 4. e3 Bf5 5. Nc3 e6 6. Nh4 Bg6 7. Nxg6 hxg6 8. Qb3
Qb6 9. Bd2 Nbd7 10. g3 Be7 11. Bg2 O-O 12. cxd5 Qxb3 13. axb3 exd5 14. O-O Rfe8
15. Rfd1 g5 16. h3 Bd6 17. Rdc1 Ne4 18. Nxe4 dxe4 19. Ra5 f6 20. Bf1 g6 21.
Bc4+ Kg7 22. Kg2 a6 23. Rh1 Bc7 24. Raa1 Rad8 25. Bb4 f5 26. h4 gxh4 27. Rxh4
Nf6 28. Rah1 Rh8 29. Rxh8 Rxh8 30. Rxh8 Kxh8 31. Be6 Kg7 32. Bc8 a5 33. Ba3 b5
34. Bc5 Nd5 35. Bd7 Bb6 36. Bxc6 Bxc5 37. dxc5 Nc7 38. f3 exf3+ 39. Bxf3 Kf6
40. g4 Ke5 41. Kg3 Ne6 42. c6 Kd6 43. Bg2 b4 44. gxf5 gxf5 45. Bf3 Nc5 46. Bd1
Kxc6 47. Kf4 Kd6 48. Bc2 a4 49. bxa4 b3 50. Bxb3 Nxb3 51. Kxf5 Kc5 52. e4 Kb4
53. e5 Kxa4 54. Ke4 Kb4 55. Kd5 Nc5 56. Kd6 Ne4+ 57. Kd5 Nc5 58. b3 Nd3 59. e6
Nf4+ 60. Kd6 1/2-1/2

[Event "DEM U18 2015"]
[Site "Willingen GER"]
[Date "2015.05.26"]
[Round "4"]
[White "Holtel, Jasper"]
[Black "Eichstaedt, Mirko"]
[Result "1-0"]
[Termination "normal"]
[Board "9"]
[WhiteElo "2044"]
[BlackElo "2044"]
[PlyCount "89"]
[WhiteFideId "12956376"]
[BlackFideId "24692310"]
[EventCountry "GER"]
[EventRounds "9"]
[EventType "swiss"]
[EventDate "2015.05.23"]

1. e4 e5 2. Nf3 Nc6 3. Bc4 Nf6 4. d3 h6 5. c3 d6 6. Bb3 g6 7. Nbd2 Bg7 8. Nf1
O-O 9. Ng3 Qe7 10. Qe2 Bd7 11. Be3 Rae8 12. h4 Bg4 13. Qd2 Bxf3 14. gxf3 h5 15.
O-O-O Kh7 16. Rdg1 Nd8 17. f4 exf4 18. Bxf4 Ne6 19. Bg5 Nc5 20. Bc2 Qe6 21. Kb1
d5 22. e5 Ng4 23. d4 Ne4 24. Nxe4 dxe4 25. Bxe4 f6 26. f3 f5 27. fxg4 fxe4 28.
gxh5 gxh5 29. Qe2 Rf3 30. Qxe4+ Qf5 31. Qxf5+ Rxf5 32. Rf1 Kg6 33. Rhg1 Rxf1+
34. Rxf1 b5 35. Kc2 Re6 36. Kd3 a5 37. Ke4 c6 38. Rf2 Re8 39. Bf6 Bh6 40. Rg2+
Kf7 41. Kf5 a4 42. Rg6 a3 43. b3 Bf8 44. Rg5 b4 45. c4 1-0

[Event "DEM U18 2015"]
[Site "Willingen GER"]
[Date "2015.05.26"]
[Round "4"]
[White "Hoffmann, Tim"]
[Black "Schulz, Lukas"]
[Result "0-1"]
[Termination "normal"]
[Board "10"]
[WhiteElo "2102"]
[BlackElo "2151"]
[PlyCount "60"]
[WhiteFideId "12900338"]
[BlackFideId "12924881"]
[EventCountry "GER"]
[EventRounds "9"]
[EventType "swiss"]
[EventDate "2015.05.23"]

1. e4 d5 2. exd5 Nf6 3. d4 Nxd5 4. c4 Nb6 5. Nf3 g6 6. c5 Nd5 7. Bc4 Bg7 8. Qb3
c6 9. Nc3 O-O 10. a4 Nxc3 11. bxc3 Nd7 12. O-O b6 13. Re1 bxc5 14. Ng5 e6 15.
Bxe6 fxe6 16. Qxe6+ Kh8 17. Nf7+ Rxf7 18. Qxf7 Nf6 19. Bg5 Qd5 20. Qc7 Bh3 21.
Qg3 Bf5 22. Re7 cxd4 23. Rae1 d3 24. Rxg7 Kxg7 25. Re5 Qd7 26. Qe3 Ng8 27. h3
Rd8 28. g4 d2 29. Qxd2 Qxd2 30. Bxd2 Bxg4 0-1

[Event "DEM U18 2015"]
[Site "Willingen GER"]
[Date "2015.05.26"]
[Round "4"]
[White "Heldt, Ronny"]
[Black "Hecht, Carsten"]
[Result "0-1"]
[Termination "normal"]
[Board "11"]
[WhiteElo "1871"]
[BlackElo "2289"]
[PlyCount "56"]
[WhiteFideId "12903973"]
[BlackFideId "24693928"]
[EventCountry "GER"]
[EventRounds "9"]
[EventType "swiss"]
[EventDate "2015.05.23"]

1. Nf3 Nf6 2. c4 g6 3. Nc3 d5 4. cxd5 Nxd5 5. h4 Bg7 6. h5 Nxc3 7. bxc3 e5 8.
Ba3 Nc6 9. e4 b6 10. Bc4 Na5 11. Bd5 c6 12. Bb3 Nxb3 13. axb3 Qd3 14. Qb1 Qxb1+
15. Rxb1 c5 16. hxg6 hxg6 17. Rxh8+ Bxh8 18. Ke2 Bb7 19. d3 O-O-O 20. Bb2 f5
21. exf5 gxf5 22. Ra1 a5 23. Ne1 e4 24. dxe4 Bxe4 25. f3 Bd5 26. Ra3 c4 27.
bxc4 Bxc4+ 28. Ke3 Re8+ 0-1

[Event "DEM U18 2015"]
[Site "Willingen GER"]
[Date "2015.05.26"]
[Round "4"]
[White "Engert, Marvin"]
[Black "Ciolek, Andreas"]
[Result "1/2-1/2"]
[Termination "normal"]
[Board "13"]
[WhiteElo "1727"]
[BlackElo "2099"]
[PlyCount "86"]
[WhiteFideId "12901164"]
[BlackFideId "12906727"]
[EventCountry "GER"]
[EventRounds "9"]
[EventType "swiss"]
[EventDate "2015.05.23"]

1. e4 c5 2. b3 Nc6 3. Bb2 e5 4. Bc4 d6 5. Nc3 Nf6 6. Nge2 g6 7. O-O Bg7 8. d3
O-O 9. f4 Nd4 10. Nxd4 cxd4 11. Nd5 Bd7 12. a4 Nxd5 13. Bxd5 Bc6 14. Bxc6 bxc6
15. Qf3 f6 16. Rae1 Qd7 17. f5 g5 18. h4 h6 19. Kf2 Rf7 20. Rh1 Bf8 21. Qh5 Rh7
22. Bc1 Rc8 23. Qg6+ Rg7 24. Qxf6 Be7 25. Qxh6 gxh4 26. Qh5 d5 27. Bh6 Rh7 28.
Qg6+ Kh8 29. Bg5 Rf8 30. g3 Rg7 31. Qh6+ Rh7 32. Qg6 Rg7 33. Qh5+ Kg8 34. gxh4
dxe4 35. dxe4 Bc5 36. Qf3 d3+ 37. Be3 Bxe3+ 38. Qxe3 dxc2 39. Rc1 Rf6 40. Rxc2
Rxf5+ 41. Ke1 Rf4 42. Rg1 Rxh4 43. Rcg2 Rhg4 1/2-1/2

[Event "DEM U18 2015"]
[Site "Willingen GER"]
[Date "2015.05.26"]
[Round "4"]
[White "Schäfer, Marlon"]
[Black "Siegert, Gregor"]
[Result "0-1"]
[Termination "normal"]
[Board "14"]
[WhiteElo "1669"]
[BlackElo "1839"]
[PlyCount "58"]
[WhiteFideId "16208773"]
[BlackFideId "1271250"]
[EventCountry "GER"]
[EventRounds "9"]
[EventType "swiss"]
[EventDate "2015.05.23"]

1. e4 c5 2. c3 d5 3. exd5 Qxd5 4. d4 Nc6 5. Nf3 Bg4 6. Be2 cxd4 7. cxd4 e6 8.
Nc3 Bb4 9. O-O Bxc3 10. bxc3 Nge7 11. Qb3 O-O 12. Qxb7 Nxd4 13. Ba6 Qxb7 14.
Bxb7 Bxf3 15. Bxf3 Nxf3+ 16. gxf3 Rfc8 17. Bd2 Nd5 18. Rfc1 Rc4 19. Rab1 Rac8
20. Rb7 R4c7 21. Rxc7 Rxc7 22. c4 Nb6 23. c5 Nd5 24. Kf1 f6 25. Ke2 Kf7 26. Kd3
g5 27. Ke4 Ne7 28. f4 f5+ 29. Ke5 Rd7 0-1

[Event "DEM U18 2015"]
[Site "Willingen GER"]
[Date "2015.05.26"]
[Round "5"]
[White "Kvetny, Mark"]
[Black "Grimm, Julius"]
[Result "1/2-1/2"]
[Termination "normal"]
[Board "2"]
[WhiteTitle "FM"]
[WhiteElo "2382"]
[BlackElo "2108"]
[WhiteClock "00:21:35"]
[BlackClock "00:28:09"]
[PlyCount "50"]
[WhiteFideId "24603929"]
[BlackFideId "12916986"]
[EventCountry "GER"]
[EventRounds "9"]
[EventType "swiss"]
[EventDate "2015.05.23"]

1. d4 Nf6 2. c4 e6 3. Nc3 Bb4 4. e3 O-O 5. Bd3 d5 6. Nf3 c5 7. O-O cxd4 8. exd4
dxc4 9. Bxc4 b6 10. Bg5 Bb7 11. Re1 Nbd7 12. Rc1 Rc8 13. Qb3 Bxc3 14. Rxc3 h6
15. Bh4 Bd5 16. Bxd5 Rxc3 17. bxc3 exd5 18. Qa3 Qc7 19. Re7 Qc6 20. h3 a5 21.
Bxf6 Nxf6 22. Ne5 Qb5 23. Qb3 Qe2 24. Ng6 Qd2 25. Nxf8 Qc1+ 1/2-1/2

[Event "DEM U18 2015"]
[Site "Willingen GER"]
[Date "2015.05.26"]
[Round "5"]
[White "Lampert, Jonas"]
[Black "Schulz, Lukas"]
[Result "1-0"]
[Termination "normal"]
[Board "3"]
[WhiteTitle "IM"]
[WhiteElo "2442"]
[BlackElo "2151"]
[WhiteClock "00:15:19"]
[BlackClock "00:19:53"]
[PlyCount "95"]
[WhiteFideId "1303759"]
[BlackFideId "12924881"]
[EventCountry "GER"]
[EventRounds "9"]
[EventType "swiss"]
[EventDate "2015.05.23"]

1. d4 Nf6 2. c4 e5 3. dxe5 Ng4 4. Bf4 Nc6 5. Nf3 Bb4+ 6. Nbd2 Qe7 7. e3 Ngxe5
8. Nxe5 Nxe5 9. Be2 b6 10. O-O Bxd2 11. Qxd2 Bb7 12. c5 O-O 13. Rac1 bxc5 14.
Qc3 Ng6 15. Bg3 d6 16. b4 cxb4 17. Qxc7 Rfc8 18. Qa5 d5 19. Bg4 Rc4 20. Be2
Rcc8 21. Rb1 Rc2 22. Bf3 Rc4 23. Be2 Rc2 24. Bd3 Rd2 25. Qxb4 Qxb4 26. Rxb4 Bc8
27. Bb5 a5 28. Rd4 Rxd4 29. exd4 Ne7 30. Bd6 Nf5 31. Bc5 Rb8 32. a4 g6 33. Re1
Be6 34. f3 Kg7 35. g4 Nh4 36. Kf2 g5 37. Be7 h6 38. Rc1 f5 39. Bd6 Rb7 40. h3
fxg4 41. hxg4 h5 42. Be5+ Kf8 43. Rc6 Bd7 44. Rc7 Rxc7 45. Bxc7 Bc8 46. gxh5
Nf5 47. Bxa5 Nxd4 48. Bd3 1-0

[Event "DEM U18 2015"]
[Site "Willingen GER"]
[Date "2015.05.26"]
[Round "5"]
[White "Krause, Benedict"]
[Black "Ruff, Maximilian"]
[Result "1/2-1/2"]
[Termination "normal"]
[Board "5"]
[WhiteTitle "FM"]
[WhiteElo "2347"]
[BlackElo "2276"]
[WhiteClock "00:01:57"]
[BlackClock "00:12:06"]
[PlyCount "73"]
[WhiteFideId "12917990"]
[BlackFideId "1271670"]
[EventCountry "GER"]
[EventRounds "9"]
[EventType "swiss"]
[EventDate "2015.05.23"]

1. e4 e5 2. Nf3 Nc6 3. Bc4 Bc5 4. c3 Nf6 5. d3 a6 6. O-O d6 7. Bb3 Ba7 8. Re1
O-O 9. h3 Be6 10. Bc2 d5 11. exd5 Qxd5 12. Bg5 Nd7 13. Nbd2 Rfe8 14. Ne4 Nc5
15. Nxc5 Bxc5 16. b4 Be7 17. Bb3 Qd6 18. Bxe6 Qxe6 19. Bxe7 Qxe7 20. d4 Qf6 21.
dxe5 Nxe5 22. Nxe5 Rxe5 23. Qd7 Qd6 24. Qxd6 cxd6 25. Rxe5 dxe5 26. Rd1 f6 27.
c4 a5 28. b5 Rc8 29. b6 Rxc4 30. Rd7 Rb4 31. Rxb7 a4 32. g4 h6 33. Kg2 Kh7 34.
Kg3 Rb2 35. f4 exf4+ 36. Kxf4 Rxa2 37. Ra7 1/2-1/2

[Event "DEM U18 2015"]
[Site "Willingen GER"]
[Date "2015.05.26"]
[Round "5"]
[White "Peil, Christoph"]
[Black "Kramer, Julian"]
[Result "0-1"]
[Termination "normal"]
[Board "6"]
[WhiteElo "2227"]
[BlackElo "2322"]
[WhiteClock "00:01:18"]
[BlackClock "00:02:11"]
[PlyCount "66"]
[WhiteFideId "24651800"]
[BlackFideId "12921742"]
[EventCountry "GER"]
[EventRounds "9"]
[EventType "swiss"]
[EventDate "2015.05.23"]

1. e4 c5 2. Nf3 d6 3. d4 cxd4 4. Nxd4 Nf6 5. Nc3 a6 6. Be3 e5 7. Nb3 Be6 8. f4
Qc7 9. f5 Bc4 10. Qf3 b5 11. O-O-O Nbd7 12. Kb1 Rc8 13. a3 Nb6 14. Nd2 Bxf1 15.
Bxb6 Qxb6 16. Rhxf1 b4 17. axb4 Qxb4 18. Nb3 a5 19. Nd5 Nxd5 20. Rxd5 a4 21.
Nc1 Be7 22. Na2 Qb6 23. Qd3 Rb8 24. Qa3 O-O 25. Nc3 Qc6 26. Kc1 Rfc8 27. Qxa4
Bg5+ 28. Kd1 Qb6 29. Qb5 Qe3 30. Qd3 Qa7 31. b3 Qa1+ 32. Ke2 Qxc3 33. Rxd6
Qxc2+ 0-1

[Event "DEM U18 2015"]
[Site "Willingen GER"]
[Date "2015.05.26"]
[Round "5"]
[White "Hecht, Carsten"]
[Black "Niegsch, Nicolas"]
[Result "1/2-1/2"]
[Termination "normal"]
[Board "7"]
[WhiteElo "2289"]
[BlackElo "2112"]
[WhiteClock "00:03:41"]
[BlackClock "00:17:14"]
[PlyCount "71"]
[WhiteFideId "24693928"]
[BlackFideId "12932140"]
[EventCountry "GER"]
[EventRounds "9"]
[EventType "swiss"]
[EventDate "2015.05.23"]

1. e4 e5 2. Nf3 Nc6 3. Bb5 a6 4. Ba4 Nf6 5. O-O Be7 6. d3 d6 7. c3 O-O 8. Re1
b5 9. Bc2 d5 10. Nbd2 dxe4 11. dxe4 h6 12. Qe2 Bc5 13. Nb3 Bb6 14. Be3 Be6 15.
Bxb6 cxb6 16. Nh4 Qc7 17. Nd2 b4 18. Bb3 bxc3 19. bxc3 Rfe8 20. Nc4 Rad8 21.
Rad1 Ne7 22. Nf5 Nxf5 23. Rxd8 Rxd8 24. exf5 Bxc4 25. Qxc4 Qxc4 26. Bxc4 b5 27.
Bb3 a5 28. a4 bxa4 29. Bxa4 Rd2 30. f3 Ra2 31. Bb5 Rc2 32. c4 a4 33. Bxa4 Rxc4
34. Bb3 Rc3 35. Ba2 Rc2 36. Bb3 1/2-1/2

[Event "DEM U18 2015"]
[Site "Willingen GER"]
[Date "2015.05.26"]
[Round "5"]
[White "Vöge, Tobias"]
[Black "Pfreundt, Jakob"]
[Result "1/2-1/2"]
[Termination "normal"]
[Board "8"]
[WhiteElo "2141"]
[BlackElo "2273"]
[WhiteClock "00:25:23"]
[BlackClock "00:03:23"]
[PlyCount "78"]
[WhiteFideId "1270513"]
[BlackFideId "12918156"]
[EventCountry "GER"]
[EventRounds "9"]
[EventType "swiss"]
[EventDate "2015.05.23"]

1. c4 e6 2. Nc3 d5 3. d4 Bb4 4. Nf3 Nf6 5. Bg5 Nbd7 6. cxd5 exd5 7. e3 c5 8.
Bd3 c4 9. Bf5 Qa5 10. O-O O-O 11. Qc2 Re8 12. Nd2 g6 13. Bh3 Kg7 14. Bh4 h6 15.
Bxd7 Bxd7 16. Bxf6+ Kxf6 17. e4 Kg7 18. f3 Qb6 19. Nxd5 Qxd4+ 20. Rf2 Bc5 21.
Raf1 Qd3 22. Qxd3 cxd3 23. Nc7 Rac8 24. Nxe8+ Bxe8 25. Rb1 Bb6 26. b3 Rc2 27.
Rd1 Rxa2 28. Kf1 Rb2 29. g4 Bxf2 30. Kxf2 Bb5 31. Ke3 Kf6 32. h4 g5 33. hxg5+
hxg5 34. Kd4 Rc2 35. e5+ Kg6 36. Ne4 Rb2 37. Kc3 Rc2+ 38. Kd4 Rb2 39. Kc3 Rc2+
1/2-1/2

[Event "DEM U18 2015"]
[Site "Willingen GER"]
[Date "2015.05.26"]
[Round "5"]
[White "Eichstaedt, Mirko"]
[Black "Schäfer, Marlon"]
[Result "1-0"]
[Termination "normal"]
[Board "9"]
[WhiteElo "2044"]
[BlackElo "1669"]
[PlyCount "143"]
[WhiteFideId "24692310"]
[BlackFideId "16208773"]
[EventCountry "GER"]
[EventRounds "9"]
[EventType "swiss"]
[EventDate "2015.05.23"]

1. d4 Nf6 2. c4 e6 3. Nc3 Bb4 4. Bd2 c5 5. d5 d6 6. f3 exd5 7. cxd5 O-O 8. e4
Re8 9. Nge2 Nbd7 10. Ng3 a6 11. a4 Rb8 12. Be2 Ne5 13. O-O Bd7 14. Kh1 b5 15.
Rg1 Ba5 16. axb5 axb5 17. Nf1 b4 18. Na4 Bb5 19. Ne3 Nh5 20. g3 Nd3 21. Bxd3
Bxd3 22. Bxb4 c4 23. Bc3 Bxc3 24. bxc3 Rb3 25. Nf5 Qd7 26. Nd4 Rb7 27. Qe1 Reb8
28. Qf2 Ra8 29. Nb6 Rxa1 30. Rxa1 Qc7 31. Nb5 Qd8 32. Ra8 Rb8 33. Rxb8 Qxb8 34.
Qa2 g6 35. Qa8 Qxa8 36. Nxa8 Nf6 37. Nxd6 Nd7 38. Kg2 Kf8 39. Nc8 f5 40. exf5
Bxf5 41. Nab6 Nf6 42. Nd6 Bd3 43. h4 Ke7 44. Nb5 Ne8 45. Kf2 Nd6 46. Nxd6 Kxd6
47. Ke3 Kc5 48. Nd7+ Kxd5 49. Nf6+ Ke5 50. Nxh7 Bf5 51. Ng5 Bd3 52. Nh3 Bf5 53.
Nf4 Bc2 54. Ne2 Bd3 55. g4 Bc2 56. Ng3 Bd1 57. Ne4 Bc2 58. Nf2 Bd1 59. f4+ Kd5
60. Nh1 Bc2 61. Ng3 Bd1 62. Ne2 Bc2 63. Ng1 Bd1 64. Nf3 Bc2 65. Nd4 Bd1 66. Nf3
Bc2 67. Ne5 Bb1 68. h5 gxh5 69. gxh5 Bf5 70. Ng6 Bd3 71. Nh4 Be4 72. f5 1-0

[Event "DEM U18 2015"]
[Site "Willingen GER"]
[Date "2015.05.26"]
[Round "5"]
[White "Brinkmann, Fabian"]
[Black "Hess, Max"]
[Result "1/2-1/2"]
[Termination "normal"]
[Board "10"]
[WhiteElo "1972"]
[BlackElo "2221"]
[PlyCount "62"]
[WhiteFideId "24661414"]
[BlackFideId "24656666"]
[EventCountry "GER"]
[EventRounds "9"]
[EventType "swiss"]
[EventDate "2015.05.23"]

1. e4 c5 2. Nf3 Nc6 3. d4 cxd4 4. Nxd4 Nf6 5. Nc3 e5 6. Ndb5 d6 7. Bg5 a6 8.
Na3 b5 9. Nd5 Be7 10. Bxf6 Bxf6 11. c3 Bg5 12. Nc2 O-O 13. a4 bxa4 14. Rxa4 a5
15. Bc4 Rb8 16. b3 Kh8 17. h4 Bh6 18. Nce3 Bxe3 19. Nxe3 Ne7 20. g4 Bb7 21. f3
Qb6 22. Qd2 Rbd8 23. Qf2 Qc7 24. Qd2 Qc5 25. Qf2 Bc6 26. Ra2 Ra8 27. h5 Bb5 28.
Nd5 Qxf2+ 29. Kxf2 Bxc4 30. bxc4 Nc6 31. Nc7 Rac8 1/2-1/2

[Event "DEM U18 2015"]
[Site "Willingen GER"]
[Date "2015.05.26"]
[Round "5"]
[White "Syrov, Arkadi"]
[Black "Engert, Marvin"]
[Result "1/2-1/2"]
[Termination "normal"]
[Board "11"]
[WhiteElo "2051"]
[BlackElo "1727"]
[PlyCount "84"]
[WhiteFideId "12942448"]
[BlackFideId "12901164"]
[EventCountry "GER"]
[EventRounds "9"]
[EventType "swiss"]
[EventDate "2015.05.23"]

1. e4 c5 2. Nc3 Nc6 3. f4 e6 4. Nf3 Nge7 5. Bb5 a6 6. Bxc6 Nxc6 7. O-O Be7 8.
f5 exf5 9. d3 fxe4 10. dxe4 d6 11. Nd5 Ne5 12. Nxe5 dxe5 13. Qh5 O-O 14. Qxe5
Be6 15. Be3 Bxd5 16. exd5 Bf6 17. Qf5 c4 18. Rad1 Qe7 19. Bd4 Bxd4+ 20. Rxd4
Qc5 21. c3 Rad8 22. d6 Qxf5 23. Rxf5 Rd7 24. Rc5 b5 25. Rc6 Ra8 26. a4 f6 27.
axb5 axb5 28. Rb6 Ra5 29. Kf2 Kf7 30. Re4 f5 31. Re2 Kf6 32. h4 Raa7 33. Rxb5
Rxd6 34. Rc5 Ra4 35. Kf3 g6 36. Re8 Rb6 37. Re2 Ra2 38. Rxc4 Raxb2 39. Rxb2
Rxb2 40. Rc7 Rc2 41. g3 Ke5 42. Rxh7 Rxc3+ 1/2-1/2

[Event "DEM U18 2015"]
[Site "Willingen GER"]
[Date "2015.05.26"]
[Round "5"]
[White "Holtel, Jasper"]
[Black "Hoffmann, Tim"]
[Result "1-0"]
[Termination "normal"]
[Board "12"]
[WhiteElo "2044"]
[BlackElo "2102"]
[PlyCount "43"]
[WhiteFideId "12956376"]
[BlackFideId "12900338"]
[EventCountry "GER"]
[EventRounds "9"]
[EventType "swiss"]
[EventDate "2015.05.23"]

1. e4 c5 2. d4 cxd4 3. c3 dxc3 4. Nxc3 Nc6 5. Nf3 d6 6. Bc4 a6 7. Bg5 Nf6 8.
Bxf6 gxf6 9. O-O e6 10. Nh4 Be7 11. Qh5 Ne5 12. Bb3 b5 13. f4 Nc4 14. f5 e5 15.
a4 Bb7 16. Kh1 Qb6 17. axb5 axb5 18. Rxa8+ Bxa8 19. Ng6 Nd2 20. Bxf7+ Kd8 21.
Rd1 b4 22. Nd5 1-0

[Event "DEM U18 2015"]
[Site "Willingen GER"]
[Date "2015.05.26"]
[Round "5"]
[White "Ciolek, Andreas"]
[Black "Heldt, Ronny"]
[Result "1-0"]
[Termination "normal"]
[Board "13"]
[WhiteElo "2099"]
[BlackElo "1871"]
[PlyCount "77"]
[WhiteFideId "12906727"]
[BlackFideId "12903973"]
[EventCountry "GER"]
[EventRounds "9"]
[EventType "swiss"]
[EventDate "2015.05.23"]

1. d4 e6 2. e4 d5 3. Nc3 Nf6 4. e5 Nfd7 5. f4 c5 6. Nf3 Nc6 7. Be3 a6 8. Qd2 b5
9. dxc5 Bxc5 10. Bxc5 Nxc5 11. Qf2 Qb6 12. Bd3 Nxd3+ 13. cxd3 Qxf2+ 14. Kxf2
Ke7 15. Rac1 Bd7 16. Ke3 Rhb8 17. Ne2 Nb4 18. a3 Nc6 19. b3 Rc8 20. Ned4 Nxd4
21. Nxd4 Kd8 22. Kd2 Rxc1 23. Rxc1 Rc8 24. Rxc8+ Kxc8 25. b4 Kd8 26. Ke3 Kc7
27. Nb3 Bc8 28. Nc5 Kb6 29. Nb3 Bd7 30. g4 Kc7 31. g5 Bc8 32. Nd2 Kd7 33. Kd4
Ke7 34. Kc5 f6 35. h4 h5 36. Nf1 fxg5 37. fxg5 g6 38. Kb6 Kd8 39. Nd2 1-0

[Event "DEM U18 2015"]
[Site "Willingen GER"]
[Date "2015.05.26"]
[Round "5"]
[White "Müller, Nils Samuel"]
[Black "Siegert, Gregor"]
[Result "1/2-1/2"]
[Termination "normal"]
[Board "14"]
[WhiteElo "1812"]
[BlackElo "1839"]
[PlyCount "105"]
[WhiteFideId "24654361"]
[BlackFideId "1271250"]
[EventCountry "GER"]
[EventRounds "9"]
[EventType "swiss"]
[EventDate "2015.05.23"]

1. e4 c5 2. Nf3 e6 3. d4 cxd4 4. Nxd4 a6 5. Nc3 Qc7 6. Bd3 Nf6 7. f4 d6 8. Qf3
b5 9. a3 Bb7 10. Bd2 Nbd7 11. g4 Nc5 12. g5 Nfd7 13. b4 Nxd3+ 14. cxd3 g6 15.
Rc1 Qd8 16. O-O Bg7 17. Nb3 Rc8 18. Qf2 h6 19. d4 Rxc3 20. Rxc3 Bxe4 21. Rfc1
Nb6 22. Na5 Bd5 23. Be3 Nc4 24. Nxc4 Bxc4 25. a4 hxg5 26. fxg5 Qa8 27. Qg2 Qd8
28. Qc6+ Kf8 29. axb5 axb5 30. Rxc4 bxc4 31. Ra1 Bxd4 32. Bxd4 Qxg5+ 33. Qg2
Qxg2+ 34. Kxg2 Rh5 35. Ra5 e5 36. Be3 Ke7 37. b5 Kd7 38. Ra7+ Kc8 39. Rxf7 d5
40. Ba7 Rg5+ 41. Kh1 Rf5 42. Rg7 Rf1+ 43. Kg2 Rb1 44. b6 Rb3 45. Rc7+ Kd8 46.
Rc5 d4 47. Rxe5 d3 48. Rd5+ Ke7 49. Kf2 Ke6 50. Rd4 c3 51. Rxd3 c2 52. Rxb3
c1=Q 53. b7 1/2-1/2